000 00831cab a2200217 4500
001 WB2747-02
008 090401t1991 xxu||||| |||| 00| 0 eng d
035 _a(Sirsi) u56247
041 _aeng
245 _aSubcontractor outrage over Spon
260 _c1991
350 _a0
490 _aContract Journal
_v361(5849) 28 November 1991, 1(1)
520 _aA dispute has arisen over the latest edition of "Spon`s Architects` and Builders` Price Book" which recommends zero margin pricing on major works, giving rise to criticism from subcontractor associations who accuse the publisher of institutionalising exploitation.
650 _aBUILDING PRICES
650 _aCONFEDERATION OF CONSTRUCTION SPECIALISTS
650 _aSUBCONTRACTORS
690 _aBUILT ENVIRONMENT-BUILDING COSTS
942 _n0
948 _c04/03/1997
999 _c34300
_d34300